[Event "Campeonato Mundial da FIDE"]
[Site "Tripoli LBA"]
[Date "2004.07.07"]
[Round "7.2"]
[White "Kasimdzhanov, R."]
[Black "Adams, M."]
[Result "1-0"]
[WhiteElo "2652"]
[BlackElo "2731"]
[Annotator "MI Maxim Notkin"]
[PlyCount "109"]
[EventDate "2004.07.06"]
[Source "Chess Today"]
[SourceDate "2004.07.08"]

1. e4 e5 2. Nf3 Nf6 3. Nxe5 d6 4. Nf3 Nxe4 5. d4 d5 6. Bd3 Nc6 7. O-O Be7
8. c4 Nb4 9. Be2 O-O 10. Nc3 Be6
{Nesta linha da Defesa Petroff, as pretas
movem as suas pecas com o intuito de pressionar a estrutura de Peoes centrais
brancos de c3 e d4 que surge apos as trocas em c3 e d5. O Cavalo nao vai
permanecer em b4 por muito tempo. Este lance foi jogado somente para privar o
Bispo branco do controle da casa e4.}
11. Ne5 {
Ameacando a2-a3 e f2-f3 as brancas provocam o avanco f7-f6.} (
{O lance} 11. Be3 {tambem e possivel}) ({ao passo que apos} 11. a3 Nxc3
12. bxc3 Nc6 13. cxd5 Bxd5 14. Be3
{(c3-c4 era impossivel por causa da fraqueza no Peao d4)} 14... Na5
{
E as pretas possuem um bom jogo ao longo das casas claras na ala da dama.})
11... f6 ({Duvidoso e} 11... c5 12. Nxe4 dxe4 13. d5 Bc8 {pois apos} 14. a3
{o Cavalo deve mover para o canto do tabuleiro} 14... Na6
{e, como foi
mostrado nas partidas do Campeonato Mundial 2001 Topalov - Shirov e Anand -
Shirov, as brancas conseguem vantagem apos}
15. Qc2 $1) 12. Nf3
{As brancas
deram um tempo, no entanto a posicao preta ficou bastante enfraquecida depois
de f7-f6.} (
{Para} 12. Bg4 {as pretas possuem uma estranha resposta:} 12... Bc8 $1)
12... Kh8 ({Outra opcao e} 12... c5 13. Be3 Rc8
{e as pretas podem
ter esperancas de neutralizar a iniciativa do oponente (Leko - Anand Wijk aan
Zee 2000).})
13. a3
{Este lance foi aplicado por Leko contra Kramnik em
Dortmund 2000 e dois anos depois ele o utilizou novamente para ganhar uma bela
partida contra Grischuk em Wijk aan Zee} (
{Depois de} 13. Re1 {
Alexander Motylev mostrou que o lance} 13... c5
{iguala a partida} (
{em Tripoli
, Adams resolveu os seus problemas de abertura contra Akopian por meio de} 
13... f5 14. a3 Nc6 15. cxd5 Bxd5 16. Bf4 Nxc3 17. bxc3 Bd6)) 13... Nxc3
14. bxc3 Nc6 15. Nd2 Na5 (
{
Na partida Leko - Grischuk as brancas conseguiram vantagem apos} 15... f5
{
(Kramnik fez este lance tambem)} 16. Re1 Bf6 17. a4 Bg8 18. c5 Re8 19. Nf3
h6 $6 20. Rb1 Rb8 21. Bd3 {.}) 16. cxd5 Bxd5 17. c4 $5 ({
Mais direto do que} 
17. Bd3 Bg8 18. Re1 c5
{que foi jogado na
partida Rosito - Pierrot, Argentina 2002. Avancando os Peoes centrais as
brancas ganham espaco, o que pode ser o trunfo delas na partida.})
17... Bf7 18. Bb2
{As brancas possuem recursos suficientes para proteger ambos Peoes.} (
{
Era prematuro} 18. d5 c6) 18... f5 $6
{
Com a intencao de neutralizar o Bispo de b2.} ({No caso de} 18... Nc6
{
as brancas teriam jogado} 19. Nf3
{
com uma posicao ligeiramente superior gracas ao controle das casas centrais.})
19. Bc3 c5 20. d5
{Esta posicao e favoravel para as brancas devido ao Peao
passado e ao mal situado Cavalo preto. Na tentativa de traze-lo de volta ao
jogo Adams enfraquece a casa c6.}
20... Bf6 21. Qc2 b6 22. Bd3 Bxc3 23. Qxc3 Nb7 24. Nf3 $1 ({O precipitado} 
24. Bxf5 {perde a vantagem apos} 24... Bxd5 25. Qh3 (25. Bxh7 Bxg2) 25... Bg8)
24... Nd6 25. Ne5 f4 $6
{
Obviamente prevenindo f2-f4. Mas o avanco do Peao preto tem pontos fracos.
Talvez fosse melhor ele continuar em f6.}
26. Rfe1 Bg8 27. Nc6 Qg5 28. Qe5 (28. f3 $5) 28... Qxe5 29. Nxe5 Rfe8 30. a4 $1
g6 31. g3 fxg3 ({Depois de} 31... Kg7 32. gxf4 Rf8 33. a5 b5 34. cxb5 Bxd5
35. Nd7 Rxf4 36. Nxc5
{
as brancas ficam com um Peao a mais, no entanto apos a continuacao da partida
o Cavalo branco fica com um solido apoio.})
32. hxg3 Kg7 (32... g5
{merece cons
ideracao, este lance serve para trocar alguns Peoes no caso de f2-f4.})
33. f4 $16 Re7 34. a5 $6 {Leva a complicacoes desnecessarias.} (
{Mais forte era
} 34. Nc6
{e as brancas dominam a coluna "e" com a possibilidade de ocupar a
casa e5 com a Torre.})
34... b5 $1 35. cxb5 Bxd5 36. Bf1 $6 ({
Era mais agressivo} 36. Rad1
{
. Agora as pretas conseguem ativar mais uma peca menor.}) 36... Nf5 37. Ra3 (
37. Kf2
{parece natural, embora as pretas possam conseguir contra jogo ao
longo da coluna "f" apos}
37... Nd4 38. Rac1 Nb3 39. Rc3 g5 $5) 37... Nd4 38. Rd1 Rd8 39. Rc3 Be6 40. Kf2
$2 {
Um erro tatico que nao foi explorado por Adams.} ({Talvez} 40. Rb1)
40... Rc8 ({O simples} 40... Nxb5 $1 41. Rxd8 Nxc3
{
ganhava um Peao, mas este era o ultimo lance do controle de tempo.}) 41. Rb1
{
Agora a posicao preta esta novamente dificil.} 41... g5 42. b6 axb6 43. axb6
gxf4 44. gxf4 Bd5 45. Bd3 $1 ({O computador sugere} 45. Bh3 Rf8 46. Ke3 Rxf4 $5
47. Rxc5 $1 ({mas nao} 47. Kxf4 $2 Ne2+)) 45... Rf8 46. Ke3 (46. Rxc5 $1 Ne6 (
46... Rxe5 47. Rc7+) (46... Rxf4+ 47. Kg3 $18) 47. Rxd5 Nxf4 48. Rd7 $1 Nxd3+
49. Ke3 {ganhando.}) 46... Nc6 $2 {
Um erro decisivo.} (
{A ultima chance de sobreviver era} 46... Ne6 47. Rg1+ Kh6 $1 (
{a diferenca entre este lance e} 47... Kh8 {e vista na variante} 48. f5 Nd4
49. Rxc5 Nxf5+ $1 50. Bxf5 Rxe5+ 51. Kd4
{
e as brancas ainda possuem vantagem no final de Torre que surge apos}
51... Rexf5 52. Rxd5
{. Ao passo que com o Rei em h6 as pretas podem capturar em f5
com a outra Torre, ganhando uma peca.}))
47. Rxc5 Nxe5 48. fxe5 Bb7 (48... Rxe5+ 49. Kd4 $18) 49. Be4 Rff7 50. Bxb7 Rxb7
51. Ke4 Rfd7 52. Rc6 Kf8 53. e6 Rd2 54. Rf1+ Ke8 55. Rc8+ (55. Rc8+ Ke7
56. Rf7+ Kxe6 57. Rxb7) 1-0

[Event "Bundesliga 1998/1999"]
[Site "Germany"]
[Date "1999.02.20"]
[Round "10.6"]
[White "Heissler, Jakob"]
[Black "Kasimdzhanov, Rustam"]
[Result "0-1"]
[WhiteElo "2450"]
[BlackElo "2595"]
[Annotator "GM Alexander Baburin"]
[PlyCount "80"]
[EventDate "1998.10.17"]
[Source "Chess Today"]
[SourceDate "2004.07.10"]

1. e4 g6 2. d4 Bg7 3. c3 d6 4. Nf3 Nf6 5. Nbd2 O-O 6. Bd3 c5 7. O-O cxd4
8. cxd4 Nc6 9. a3 Ne8 10. d5 Ne5 11. Be2 e6 12. dxe6 Bxe6 13. Nd4 Bd7 14. Nc4
Nxc4 15. Bxc4 Nf6 16. f3 d5 17. exd5 Re8 18. Kh1 Nh5 19. g4 Nf6 20. Qd3 Rc8
21. Bd2 h5 22. g5 Nh7 23. f4
{A posicao branca aparentemente esta segura, no entanto
Kasimdzhanov abala esta suposta seguranca com uma serie de otimos lances:}
23... Re4 $3 24. Bc3 (24. Qxe4 Rxc4 25. Bc3 Bf5 26. Qe3 Bxd4 27. Bxd4 Qxd5+
28. Kg1 Rxd4 $19) 24... Rxd4 $1 25. Bxd4 Bf5 26. Qc3 Nxg5 $1
{
Outro belo golpe - de repente o passivo Cavalo comeca a participar do ataque!}
27. Bxg7 ({Ou} 27. fxg5 Be4+ 28. Kg1 Qxg5+ 29. Kf2 Rxc4 $1 30. Qxc4 Qd2+
{seguido de mate.}) 27... Rxc4 ({Mais preciso era} 27... Be4+ $1 28. Kg1 Rxc4
$1 29. Qe3 (29. Qxc4 Nh3#) 29... Qb6 $1 30. Rfe1 Nf3+) 28. Qxc4 Be4+ 29. Qxe4
Nxe4 30. Be5 Qxd5 31. Kg1 Ng5 $1 $19 32. fxg5 Qxe5 33. Rf2 Qxg5+ 34. Kh1 h4
35. Raf1 h3 36. Rd1 Qe3 37. Rdf1 Qe4+ 38. Kg1 g5 39. Rc1 Kg7 40. Rc7 Qg4+ 0-1

[Event "Campeonato Mundial da FIDE"]
[Site "Tripoli LBA"]
[Date "2004.07.11"]
[Round "7.5"]
[White "Adams, Mi"]
[Black "Kasimdzhanov, R."]
[Result "1-0"]
[WhiteElo "2731"]
[BlackElo "2652"]
[Annotator "MI Nikolai Vlassov"]
[PlyCount "91"]
[EventDate "2004.07.06"]
[Source "Chess Today"]
[SourceDate "2004.07.13"]

1. e4 e5 2. Nf3 Nc6 3. Bb5 a6 4. Ba4 Nf6 5. O-O Be7
{
Entrando no Sistema Classico da Ruy Lopez.} 6. Re1 b5 7. Bb3 d6 8. c3 O-O
9. h3 Na5 10. Bc2 c5 11. d4 Qc7
{Esta e a Variante Chigorin. As pretas
incrementaram a defesa do Peao c5. O Cavalo a5 pode retornar para c6 ou
avancar para c4 mais tarde.}
12. d5
{As brancas fecham o centro. Anos atras
este plano foi considerado inofensivo - por isso as brancas realizavam dxe5,
tentando ocupar a casa d5. No entanto, depois que Karpov conseguiu diversas
vitorias impressionantes com d4-d5, este plano passou a ficar em moda. Mas
normalmente as brancas so jogam d5 depois que as pretas jogarem ...Cc6 ou ...
Bb7. Adams fez este lance tao cedo porque as pretas tem conseguido bons
resultados tomando em d4 - e isto e algo que ele precisava evitar agora.}
12... Nc4
{Em breve este Cavalo vai para a casa c8, com duvidosas perspectivas. Ha
muito tempo atras - quando os jogadores nao pensavam em termos de lances, mas
de planos - Akiba Rubinstein sugeriu e efetivamente empregou a seguinte
manobra de transferencia do Cavalo: a5-b7-d8-f7. Em f7 o Cavalo fica bem
colocado, controlando a casa e5!}
13. a4 Bd7 14. b3 Nb6 15. a5 Nc8 16. c4 (
{
Ha uma outra maneira de fechar a ala da dama:} 16. b4 c4 17. Nbd2 g6 18. Nf1
Nh5 19. Bh6 Re8 20. Qd2 Bf8 21. Ng3 Nxg3 22. fxg3 Ne7 23. Rf1 f6 24. Rf2 Kh8
25. Be3 Bg7 26. g4 Rf8 27. Raf1 Rae8 28. Nh2 Qc8 29. Qe2 Ng8 30. Rf3 Qd8
{Kasparov-Ivanchuk, Prague 2002 (1/2-1/2)}) 16... b4 $146
{Rustam acredita
na defesa e nao teme fechar a ala. De qualquer forma, a coluna "b" aberta em
nada ajudaria as pretas, pois elas nao possuem chance de desenvolver contra
jogo ao longo dela.} (
{Apos sofrer uma derrota para Topalov, Shirov considera
a seguinte linha inapropriada para as pretas:} 
16... g6 17. Nc3 Nh5 18. Ne2 Re8 19. Ra2 Bf8 20. g4 Ng7 21. Ng3 f6 22. Nh2 Re7
23. h4 Rf7 24. f4 exf4 25. Bxf4 Qd8 26. Rf1 Qe7 27. h5 Ne8 28. Bd3 Bg7 29. Kg2
Qf8 30. Qc1 bxc4 31. bxc4 {
Topalov-Shirov, Linares 2004 (1-0)}) 17. Nbd2 g6
18. Nf1 Nh5 19. Bh6 Re8 20. Qd2 Bf8 21. g4 Ng7 22. N3h2 Qd8 23. f4 exf4
24. Qxf4
{As brancas m uma
excelente posicao de ataque, enquanto que as pretas possuem contra jogo. Agora
esta claro o quanto o Cavalo poderia ser util em e5! Mas ele nao pode alcancar
esta casa nunca mais - as pretas nao terao uma segunda chance.}
24... Qe7 (
{
As pretas poderiam ter tentado colocar a sua Torre na setima fileira:} 
24... Ra7
{mas o que elas fariam com o seu Bispo d7? Novamente o Cavalo c8 esta
atrapalhando o caminho...})
25. Nf3 f6 26. Ng3 Rd8 27. Rf1 Ne8
{
Isto e forcado - se o Cavalo nao ocupasse a casa e8, o Peao f6 teria ficado
indefensavel.}
28. Bxf8 Qxf8 29. e5 $1
{Aqui temos uma valente ruptura de
Peoes! As brancas envolvem o seu Bispo no ataque. Era necessario ter muita
coragem, porque agora o Cavalo preto consegue a casa d6.}
29... dxe5 30. Nxe5 Ncd6 31. Rae1 Qg7 32. Nd3 Rac8 33. Qf2
{
Isoladas da coluna "e", as pretas possuem problemas com a defesa do Peao c5.}
33... f5 $5 {Uma tentativa desesperada de contra ataque nao pode mudar nada.}
34. Ne5 ({As brancas ficam com uma vantagem ganhadora tambem apos:} 34. Nxc5
fxg4 35. h4) 34... Nf6 35. Nxd7 Rxd7 36. gxf5 g5 37. Re6
{
Ao inves de tomar em c5, Adams capturou em f5. Esta era uma agradavel escolha.}
37... Kh8 38. Bd1 g4 $5
{Rustam esta lutando com unhas e dentes!
Entregando outro Peao, ele espera ativar a sua Dama e a sua Torre.}
39. hxg4 Rg8 ({Apos} 39... Nxg4 40. f6 $1 {as pretas perdem uma peca.}) 40. Qf4
Nxg4 41. Bxg4 Qxg4 42. Qxg4 Rxg4 43. Kh2
{A posicao esta absolutamente perdida para as
pretas - elas nao conseguem parar o Peao f.}
43... h5 44. Kh3 Rd4 45. f6 Nf7 46. Rf5 1-0

[Event "Campeonato Mundial da FIDE "]
[Site "Tripoli LBA"]
[Date "2004.07.13"]
[Round "7.7"]
[White "Adams, Mi"]
[Black "Kasimdzhanov, R."]
[Result "0-1"]
[WhiteElo "2731"]
[BlackElo "2652"]
[Annotator "MI Maxim Notkin"]
[PlyCount "120"]
[EventDate "2004.07.06"]
[Source "Chess Today"]
[SourceDate "2004.07.14"]

1. e4 c5 2. Nf3 Nc6 3. Bb5 d6 4. O-O Bd7 5. Re1 Nf6 6. c3 a6 7. Ba4 b5 8. Bc2
{
A Siciliana rapidamente transpos para uma especie de posicao da Ruy Lopez. E
neste match as pretas sempre enfrentaram problemas na Ruy Lopez.}
8... Rc8
{
Uma novidade que a julgar pela abertura resulta em uma perda de um importante
tempo.} (
{Apos o lance mais comum} 8... e5
{
as brancas podem escolher entre o profilatico} 9. h3 ({e o incisivo} 9. d4
{
onde as pretas conseguem exito na luta pelas casas centrais com} 9... cxd4
10. cxd4 Bg4 11. d5 Nd4)) ({o lance} 8... Bg4
{
tambem e jogavel, com a possivel continuacao} 9. h3 (9. d3) 9... Bxf3
10. Qxf3 g6 11. a4
{
e, apesar do par de Bispos do oponente, as pretas possuem uma solida posicao.})
9. a4 g6 (9... e5 {ainda era possivel.}) 10. axb5 axb5 11. d4 cxd4 (
{No caso de
} 11... Bg4 12. dxc5 dxc5 13. Qe2 Qb6 14. Na3 c4 15. Be3 Qb7
16. Reb1 $1
{
seguido de b2-b3, as brancas conseguem uma seria iniciativa na ala da dama
gracas a sua vantagem de desenvolvimento.})
12. cxd4 Bg4 $2
{
Mais um atraso no desenvolvimento - agora as pretas encontram-se em problemas.} (
{Melhor era} 12... Bg7 {e se as brancas responderem como na seguinte partida}
13. Nc3 (13. e5 {e perigoso por causa de} 13... dxe5 14. dxe5 Ng4 15. Bf4 Qb6
16. Qd2 Rd8 $1 17. h3 $140 $2 Be6 18. Qe2 Bc4 $19) 13... b4 14. Ne2 {entao} (
{talvez aqui} 14. Nd5
{fosse mais promissor, no entanto a
posicao preta esta suportavel em qualquer caso})
14... O-O {
e as pretas estao apenas ligeiramente inferiores.}) 13. Nc3 b4
14. Ne2 $1
{Um otimo lance no tipico estilo Adams. O humilde Cavalo vai para c6 e nao
esta facil impedir esta ameaca posicional.}
14... Bg7 ({Para} 14... d5 {
as brancas possuem o altamente desagradavel}
15. Ne5 $1 Nxe5 16. dxe5 Nxe4 17. Be3 $1) 15. d5 Bxf3 ({Apos} 15... Ne5
16. Nxe5 dxe5 17. Ba4+ Bd7 18. Ng3 {o Peao b4 esta fraco.}) 16. gxf3 Ne5
17. Ba4+ Nfd7 18. Nd4
{Em seguida
f3-f4 e Cc6. Kasimdzhanov toma a dificil decisao de enviar o seu Cavalo para
um local seguro, sacrificando uma qualidade.}
18... O-O $5 19. f4 Nc4 20. Nc6 Rxc6 $1 (20... Qe8 {e muito passivo.}) 21. dxc6
Nc5 {
E agora Adams se descuidou por um momento:} 22. Qe2 ({Era mais forte} 
22. Qc2 {
mantendo o controle total da casa b3.}) 22... Nb6 23. Bb5 Nb3
24. Ra6 $6 (24. Ra7 {parece mais promissor, e apos} 24... Nd4 25. Qd3 Qc8
26. Rb7
{a ativa Torr
e combinada com o Peao passado impede que as pretas criem contra jogo na ala
do rei.})
24... Nd4 25. Qd3 Na8 $1
{Tentando confundir as brancas com
tantos ataques duplos. E realmente Adams vai se perder:}
26. Ra4 (26. Ra7 {
ainda merecia seria consideracao.}) 26... Nc7 27. Rxb4
{As brancas estao
preparadas para devolver a qualidade, trocando a Torre por qualquer um dos
Cavalos pretos.} (
{Talvez apos} 27. Bc4 Nxc6
{as brancas estejam
melhores, entretanto o Peao passado se foi e nao esta claro qual sera o trunfo
branco no transcorrer da partida.})
27... Qb8 $1 ({Se} 27... Ncxb5 28. Rxb5 Nxb5 29. Qxb5 Qc7 30. Re2 $1
{
as brancas preservam os seus dois Peoes da ala da dama.}) 28. Rxd4 Bxd4
29. Qxd4 Qxb5 30. f5
{
As pretas sao capazes de barrar as ameacas ao longo das casas escuras.} (
{
Por exemplo,} 30. b4 Rb8 31. Bb2 f6
{
nao traz nenhuma vantagem substancial para as brancas.}) 30... Rc8 31. Bh6
Ne8 $1 32. e5 Rxc6 33. exd6 Rxd6 34. Qe5 Qxe5 35. Rxe5 Rd7
{
O final esta absolutamente equilibrado, mas Kasimdzhanov tinha umasignificativa
vantagem no relogio. De outra forma, um jogador do nivel de Adams nao perderia
esta posicao.}
36. Rc5 (36. Rb5
{
e mais simples. Agora as pretas conseguem uma chance para atacar o Peao b.})
36... f6 37. fxg6 hxg6 38. Be3 Rb7 39. Bd4 Kf7 40. Kg2 Nd6 41. Bc3 e5 42. Ra5
$6 (42. Rc6) 42... Nc4 43. Ra1
{Apesar de todas as tendencias apontarem para
um final de Torres, Adams nao se apressa em dar o seu Peao para trocar o Bispo
pelo Cavalo. Defender estes finais com poucos minutos no relogio nao e uma
simples tarefa.}
43... Rb6 (43... Nxb2 $2 44. Rb1) 44. b4 Nd6 45. Rb1
{
Nao havia necessidade de colocar a Torre em uma posicao passiva.} 45... Ke6
46. Bd2 f5 47. Be3 Rb7 48. Bc5 $6 ({Era melhor} 48. f3
{
dando ao Bispo mais espaco para manobras.}) 48... Ne4 49. Rd1 Rc7 50. Bb6
Rc6 51. Ba7 $2 (
{As brancas nao podiam impedir a penetracao da Torre preta, mas
elas poderiam colocar o Bispo em uma posicao segura:} 
51. Ba5 Rc2 52. Bb6 {e ainda nao ha nada forcado aqui.}) 51... Ra6 $1 52. Be3 (
{Apos} 52. Bc5 Nxc5 53. bxc5 Rc6
{
as pretas ganham um Peao, mas talvez este seria um mal menor.}) 52... f4
53. Bc1 $2 Ra4 54. Re1 Kf5 55. Bb2 Rxb4
{Adams nao queria jogar com um
Peao a menos e tentou recupera-lo com ajuda de planos taticos. Mas
Kasimdzhanov encontrou um bom golpe para a resposta.}
56. Bxe5 $2 (56. Re2 Rb5 $17) 56... f3+ $1 57. Kxf3 Kxe5 58. Kg4 Kf6 59. f4
Nf2+ 60. Kg3 Nd3 {as brancas abandonam, pois elas perdem o Peao f4.} 0-1

[Event "Campeonato Mundial da FIDE"]
[Site "Tripoli LBA"]
[Date "2004.06.28"]
[Round "5.1"]
[White "Kasimdzhanov, R."]
[Black "Grischuk, A."]
[Result "1-0"]
[WhiteElo "2652"]
[BlackElo "2719"]
[Annotator "MI Maxim Notkin"]
[PlyCount "145"]
[EventDate "2004.06.19"]

1. e4 e5 2. Nf3 Nc6 3. Bb5 a6 4. Bxc6 dxc6 5. O-O f6 6. d4 exd4 7. Nxd4 c5
8. Ne2 Qxd1 9. Rxd1 Bd7 10. Nbc3 O-O-O 11. Be3 Re8 12. Rd2 Bc6 13. Rad1 b6
14. f3 Ne7 15. Nf4 Ng6 16. Nh5 Ne5 17. b3 c4 18. Nd5 a5 19. a4 Kb7 20. Kf2 cxb3
21. cxb3 Nd7 22. g4 Nc5 23. Bxc5 Bxc5+ 24. Kg2 Bf8 25. h4 Re5 26. Rd3 Rg8
27. Ng3 Bc5 28. h5 Rf8 29. Nf4 Be8 30. Nf5 g6 31. hxg6 hxg6 32. Ng3 Bf7 33. Rh1
Re7 34. Rh6 Rg8 35. Rh1 c6 36. Rhd1 Kc7 37. Nh3 Rf8 38. Nf4 Rb8 39. Nh3 b5
40. g5 fxg5 41. Nxg5 Bg8 42. f4 bxa4 43. bxa4 Rb3 44. Rd8 Rb2+ 45. Kf3 Bb3
46. R1d3
{
A primeira parte desta partida e um instrutivo exemplo do jogo posicional
preto na Variante das Trocas da Ruy Lopez. Passo a passo Grischuk restringiu a
atividade dos Cavalos brancos, no entanto, quando acabaram os problemas com o
controle de tempo, ele cometeu alguns erros que culminaram com a sua derrota.}
46... Bc2 $2 (
{Se as pretas nao viram que o Bispo devia permanecer na diagonal
a2-g8, entao por qual motivo elas nao tomaram em a4? Correto era} 
46... Bc4 47. Rc3 $5 (47. Rd1 Ra2) 47... Kxd8 48. Rxc4) ({ou} 46... Rf2+
47. Kg4 Bxa4
{
embora as brancas ainda possam oferecer resistencia em ambos os casos.})
47. Ne6+ $1
{Este sacrificio de Cavalo e simples porem falso, pois as brancas
ganham uma qualidade imediatamente.}
47... Rxe6 48. R3d7+ Kb6 49. Rb8+ Ka6 50. Ra8+ Kb6 51. Rb8+ Ka6 52. Rxb2 Bxa4
53. e5 Bb5 54. Rd8 Bb6 55. Ra8+ Kb7 56. Rf8 Bc4 57. Kg4 Bd5 58. Ne2
{
O Cavalo ficou imovel durante 25 lances, acumulando uma grande forca.}
58... a4 59. Nc3 Bb3 60. Ne4 Ka6 61. Nd6 Ka5 $2 (61... Bd4) 62. Ra8+ Kb4
63. Rb8 Kc5 (63... Ka5 {nao resolve, por causa de} 64. Rxb3 axb3 65. Nc4+ Kb4
66. Nxb6 b2 67. Nd7+ Kc3 68. Nc5 Re8 $5 69. Na4+ $1 Kd4 70. Rxb2
{
na partida o Cavalo consegue ficar em toda parte tambem.}) 64. Ne4+ Kd5 (
64... Kb5 65. Nd2) 65. Nf6+ $1 Kc5 66. Nd7+ Kd4 67. Rxb6 Re7 68. Nf6 Kc3
69. Rb1 Rc7 70. Rc1+ Bc2 71. Ne4+ Kd3 72. Nc5+ Kd2 73. Rxc2+ 1-0